Statistics for States of India By Borders in 15 Seconds

Click here to take the quiz!

General Stats

  • This quiz has been taken 337 times
    (261 since last reset)
  • The average score is 17 of 28

Answers on the Map

Answers color-coded by a green-red scale on the quiz's map according to % correct below.
 

Answer Stats

State% Correct
Chhattisgarh
83%
Rajasthan
83%
Madhya Pradesh
81%
Maharashtra
80%
Karnataka
78%
Uttar Pradesh
78%
Haryana
72%
Gujarat
71%
Himachal Pradesh
67%
Jharkhand
66%
Tamil Nadu
63%
West Bengal
63%
Bihar
61%
Telangana
60%
Andhra Pradesh
58%
Assam
58%
Uttarakhand
56%
Kerala
55%
Punjab
54%
Nagaland
52%
Arunachal Pradesh
50%
Manipur
50%
Mizoram
49%
Goa
48%
Meghalaya
47%
Tripura
47%
Odisha
46%
Sikkim
34%

Score Distribution

Percentile by Number Answered

Percent of People with Each Score

Your Score History

You have not taken this quiz since the last reset